Rosa y azul : la transmisión de los géneros en la escuela mixta /

Đã lưu trong:
Chi tiết về thư mục
Tác giả chính: Subirats, Marina
Tác giả khác: Brullet, Cristina
Định dạng: Sách
Ngôn ngữ:Tiếng Tây Ban Nha
Được phát hành: Madrid : Ministerio de Cultura, Instituto de la Mujer, 1988
Loạt:Serie estudios ; 19
Các nhãn: Thêm thẻ
Không có thẻ, Là người đầu tiên thẻ bản ghi này!

MARC

LEADER 00000nam a22000007i 4500
001 IT\ICCU\RMS\2789611
003 ItRI
005 20260115231843.0
008 170112s1988 sp |||||| ||||| |||||c
020 |a 8477990085 
040 |b ita  |c importazione bologna sebina 
041 7 |a spa  |2 ISO-639-2 
100 1 |a Subirats, Marina  |0 IT\ICCU\SBLV\015099 
245 1 0 |a Rosa y azul :  |b la transmisión de los géneros en la escuela mixta /  |c Marina Subirats y Cristina Brullet. 
260 |a Madrid :  |b Ministerio de Cultura, Instituto de la Mujer,  |c 1988 
300 |a 187 p. ;  |c 24 cm. 
700 1 |a Brullet, Cristina  |0 IT\ICCU\TSAV\507861 
830 0 |a Serie estudios ;  |v 19  |0 IT\ICCU\RMS\2789601 
942 |2 ddc  |c BK  |n 0 
952 |0 0  |1 0  |4 0  |6 DOC_370_946000000000000_SUB  |7 0  |9 14339  |a BO  |b BO  |d 2026-01-15  |i 20800  |l 0  |o DOC 370.946 SUB  |p BO20800  |r 2026-01-15 23:18:43  |w 2026-01-15  |x [Sebina 5] [1 v.]  |y BK  |z 1 v. 
999 |c 12376  |d 12376